| 000 | 00678nam a22002057a 4500 | ||
|---|---|---|---|
| 005 | 20141009044334.0 | ||
| 008 | 021201s2003 nyua sb 001 0 eng d | ||
| 020 | _a0071387331 | ||
| 024 | 0 | _ceng | |
| 080 | _a159.9 | ||
| 100 | 1 | _aFarrell, Patricia, | |
| 245 | 1 | 0 |
_aHow to be your own therapist _cPatricia Farrell. |
| 260 |
_aNew York : _bMcGraw-Hill, _c2003. |
||
| 300 |
_a270 f. : _bme il.; _c23 cm. |
||
| 504 | _aIncludes bibliographical references (p. 259-261) and index f. 263-270 | ||
| 650 | 0 | _aPsikologjia | |
| 650 | 0 | _aMenaxhimi | |
| 655 | 7 | _aElectronic books. | |
| 942 |
_2udc _cBK |
||
| 999 |
_c515 _d515 |
||